Essential environmental studies / (Record no. 166002)

MARC details
000 -LEADER
fixed length control field 00629nam a22001937a 4500
005 - DATE AND TIME OF LATEST TRANSACTION
control field 20190709172750.0
010 ## - LCCN (DPL NO)
LC control number ENG-125874
020 ## - INTERNATIONAL STANDARD BOOK NUMBER
International Standard Book Number 9789384726638
Terms of availability 2495.00
035 ## - SYSTEM CONTROL NUMBER
System control number EN-109406
037 ## - SOURCE OF ACQUISITION
Source of stock number/acquisition DBAD/PUB
082 ## - DEWEY DECIMAL CLASSIFICATION NUMBER
Classification number 333.7
100 ## - MAIN ENTRY--PERSONAL NAME
Personal name Misra, S.P.
245 ## - TITLE STATEMENT
Title Essential environmental studies /
Statement of responsibility, etc by S.P.Misra [and] S.N.Pandey
260 ## - PUBLICATION, DISTRIBUTION, ETC. (IMPRINT)
Place of publication, distribution, etc New Delhi
Name of publisher, distributor, etc Ane Books
Date of publication, distribution, etc 2018
270 ## - ADDRESS
Address 4821, Parwana Bhawan, 1st Floor, 24 Ansari Road, Daryaganj
City New Delhi
Postal code 110002
Telephone number 011-23276843-44
Electronic mail address kapoor@anebooks.com
300 ## - PHYSICAL DESCRIPTION
Extent xxx,790p.
Dimensions 24cm(Hb)
700 ## - ADDED ENTRY--PERSONAL NAME
Personal name S.N.Pandey
942 ## - ADDED ENTRY ELEMENTS (KOHA)
Source of classification or shelving scheme Dewey Decimal Classification
Item type English Books
Classification part 333.7
Call number suffix MIS
Holdings
Withdrawn status Lost status Not for loan Collection code Home library Current library Date acquired Source of acquisition Cost, normal purchase price Full call number Barcode Copy number Cost, replacement price Koha item type
    Not For Loan Reference Ashok Vihar Ashok Vihar 09/07/2019 DBAD/PUB 2495.00 333.7 MIS EN-109406 1 2495.00 English Books

© Delhi Public Library
Hit Counter
free hit counter